Polska na Eurowizji - top 15 - Statystyki

Ogólne statystyki
  • Ten quiz został rozwiązany 90 razy
    79 od ostatniego zresetowania
  • Średni wynik to 5 z 8
Statystyki odpowiedzi
Rok Miejsce Artysta % Poprawnych
1994 2 Edyta Górniak
97%
2025 14 Justyna Steczkowska
97%
2016 8 Michał Szpak
89%
2003 7 Ich Troje
80%
2022 12 Ochman
69%
2014 14 Donatan i Cleo
44%
1997 11 Anna maria Jopek
33%
1996 15 Kasia Kowalska
33%
Nie znaleziono quizów pasujących do podanych kryteriów
Rozkład punktacji
Procent ludzi z każdym wynikiem
Percentyl według liczby udzielonych odpowiedzi
Twoja historia wyników
Nie rozwiązałeś tego quizu od ostatniego zresetowania